Strand (Record no. 116528)
[ view plain ]
| 000 -LEADER | |
|---|---|
| fixed length control field | 00875cam a22002175a 4500 |
| 001 - CONTROL NUMBER | |
| control field | L140910 |
| 008 - FIXED-LENGTH DATA ELEMENTS--GENERAL INFORMATION | |
| fixed length control field | 071017s1907 xxk eng u |
| 035 ## - SYSTEM CONTROL NUMBER | |
| System control number | (Sirsi) u140910 |
| 041 0# - LANGUAGE CODE | |
| Language code of text/sound track or separate title | eng |
| 110 2# - MAIN ENTRY--CORPORATE NAME | |
| Corporate name or jurisdiction name as entry element | Weatherall and Green |
| 9 (RLIN) | 5410 |
| 245 00 - TITLE STATEMENT | |
| Title | Strand |
| Remainder of title | particulars, plans and conditions of sale of the celebrated fully-licensed premises known as the Gaiety Restaurant and Hotel...which will be sold by auction by Weatherall and Green at The Mart, Tokenhouse Yard, London E.C., on Monday the 21st day of October 1907... |
| 260 ## - PUBLICATION, DISTRIBUTION, ETC. | |
| Place of publication, distribution, etc. | S.l. |
| Name of publisher, distributor, etc. | s.n. |
| Date of publication, distribution, etc. | [1907] |
| 300 ## - PHYSICAL DESCRIPTION | |
| Extent | 5 p. |
| Other physical details | ill. |
| Dimensions | 45 cm. |
| 340 ## - PHYSICAL MEDIUM | |
| Material base and configuration | Printed |
| 351 ## - ORGANIZATION AND ARRANGEMENT OF MATERIALS | |
| Hierarchical level | Single item |
| 500 ## - GENERAL NOTE | |
| General note | Item has been annotated in black ink. |
| 500 ## - GENERAL NOTE | |
| General note | Item is in a fragile condition. |
| 651 4# - SUBJECT ADDED ENTRY--GEOGRAPHIC NAME | |
| Geographic name | London |
| 690 ## - LOCAL SUBJECT ADDED ENTRY--TOPICAL TERM (OCLC, RLIN) | |
| Topical term or geographic name as entry element | PROPERTY-PROPERTY ACQUISITION AND DISPOSAL-ACQUISITION AND DISPOSAL AT AUCTION |
| 942 ## - ADDED ENTRY ELEMENTS (KOHA) | |
| Suppress in OPAC | 0 |
| Withdrawn status | Lost status | Source of classification or shelving scheme | Damaged status | Not for loan | Home library | Current library | Shelving location | Date acquired | Total Checkouts | Full call number | Barcode | Date last seen | Copy number | Price effective from | Koha item type |
|---|---|---|---|---|---|---|---|---|---|---|---|---|---|---|---|
| Dewey Decimal Classification | Historic collection | Historic collection | Historic collection | 17/10/2007 | MAP CABINET DRAWER 8 | 30013183 | 06/08/2019 | 1 | 06/08/2019 | Archive |